[Event "DEM U12 2005"]
[Site "Willingen GER"]
[Date "2005.05.15"]
[Round "1"]
[White "Stahnecker, Wieland"]
[Black "Dürre, Gregor"]
[Result "1-0"]
[Termination "normal"]
[Board "24"]
[WhiteElo "1576"]
[BlackElo "1319"]
[PlyCount "79"]
[WhiteFideId "4694481"]
[EventCountry "GER"]
[EventRounds "11"]
[EventType "swiss"]
[EventDate "2005.05.15"]

1. e4 c5 2. Nf3 Nc6 3. d4 cxd4 4. Nxd4 Nf6 5. Nc3 e5 6. Nb3 a6 7. a3 d6 8. Be2
Be7 9. Be3 O-O 10. f3 Ne8 11. Qd2 f5 12. O-O-O f4 13. Bf2 Be6 14. Kb1 Kh8 15.
g3 b5 16. gxf4 exf4 17. Nd4 Nxd4 18. Bxd4 Bf6 19. Qxf4 Kg8 20. Bxf6 Rxf6 21.
Qe3 Qb8 22. Nd5 Bxd5 23. Rxd5 Qc7 24. Qb3 Kh8 25. c4 bxc4 26. Qxc4 Qb6 27. Qd4
Qb7 28. Qe3 Rb8 29. Rd2 d5 30. exd5 Rb6 31. Qd4 Nd6 32. Rc1 Nf5 33. Qe5 Ne3 34.
d6 Nf5 35. d7 Nd6 36. Rc8+ Rxc8 37. dxc8=Q+ Qxc8 38. Rxd6 Rxd6 39. Qxd6 Qf5+
40. Bd3 1-0

[Event "DEM U12 2005"]
[Site "Willingen GER"]
[Date "2005.05.15"]
[Round "1"]
[White "Kreiter, Thomas"]
[Black "Grünter, Martin"]
[Result "1/2-1/2"]
[Termination "normal"]
[Board "25"]
[WhiteElo "1312"]
[BlackElo "1574"]
[PlyCount "40"]
[WhiteFideId "24645591"]
[BlackFideId "24640352"]
[EventCountry "GER"]
[EventRounds "11"]
[EventType "swiss"]
[EventDate "2005.05.15"]

1. e4 c6 2. Nf3 d5 3. exd5 cxd5 4. Nc3 Nf6 5. d4 Bg4 6. Bd3 Nc6 7. Be3 e6 8.
O-O Bb4 9. h3 Bxc3 10. bxc3 Bh5 11. Rb1 Rb8 12. Bb5 Qc7 13. g4 Bg6 14. Ne5 O-O
15. Bf4 Nxe5 16. Bxe5 Qxc3 17. Bxb8 Qxh3 18. Bd3 Rxb8 19. f3 Qg3+ 20. Kh1 Qh3+
1/2-1/2

[Event "DEM U12 2005"]
[Site "Willingen GER"]
[Date "2005.05.15"]
[Round "1"]
[White "Osmanodja, Bilgin"]
[Black "Popov, Xenia"]
[Result "1-0"]
[Termination "normal"]
[Board "26"]
[WhiteElo "1574"]
[BlackElo "1306"]
[PlyCount "109"]
[EventCountry "GER"]
[EventRounds "11"]
[EventType "swiss"]
[EventDate "2005.05.15"]

1. e4 e6 2. d4 d5 3. Nd2 Nf6 4. e5 Nfd7 5. c3 c5 6. Ngf3 Nc6 7. Bd3 Be7 8. b3
Qa5 9. Bb2 b5 10. a3 c4 11. b4 Qc7 12. Bc2 a5 13. O-O O-O 14. Qe2 Bb7 15. h4
Qd8 16. g3 Kh8 17. Nh2 g5 18. Qh5 f5 19. exf6 Nxf6 20. Qh6 Rf7 21. hxg5 Ng8 22.
Qxe6 Rg7 23. g6 h6 24. Qh3 Bc8 25. g4 Qd6 26. Ndf3 Qd8 27. Bc1 Ra7 28. Bxh6
Nxh6 29. Qxh6+ Kg8 30. Bf5 Bxf5 31. gxf5 Bf6 32. Ng4 Qd6 33. Kg2 Ne7 34. Rh1
Kf8 35. Qh8+ Ng8 36. Nxf6 Qxf6 37. Qh4 Qxh4 38. Nxh4 Nf6 39. Nf3 Ne4 40. Rh8+
Rg8 41. Rxg8+ Kxg8 42. Re1 axb4 43. axb4 Ra3 44. Ne5 Kg7 45. Rh1 Nf6 46. Rh3
Ra2 47. Rh4 Ra3 48. Nd7 Ra6 49. Nxf6 Rxf6 50. Rh7+ Kg8 51. Rf7 Rxf7 52. gxf7+
Kxf7 53. Kg3 Kg7 54. Kf4 Kf7 55. Ke5 1-0

[Event "DEM U12 2005"]
[Site "Willingen GER"]
[Date "2005.05.15"]
[Round "1"]
[White "Hohmann, Louisa"]
[Black "Specht, Christian"]
[Result "0-1"]
[Termination "normal"]
[Board "27"]
[WhiteElo "1301"]
[BlackElo "1568"]
[PlyCount "38"]
[BlackFideId "24647985"]
[EventCountry "GER"]
[EventRounds "11"]
[EventType "swiss"]
[EventDate "2005.05.15"]

1. e4 c5 2. Nf3 Nc6 3. d4 cxd4 4. Nxd4 Nf6 5. Nc3 e5 6. Ndb5 d6 7. Bg5 a6 8.
Na3 b5 9. Nd5 Be7 10. Nxe7 Nxe7 11. c3 Nxe4 12. Bxe7 Qxe7 13. Qd5 Bb7 14. Qd3
O-O 15. Qh3 d5 16. Bd3 Rad8 17. Nc2 Qg5 18. g3 Qd2+ 19. Kf1 Qxf2# 0-1

[Event "DEM U12 2005"]
[Site "Willingen GER"]
[Date "2005.05.15"]
[Round "1"]
[White "Micklich, Rahel"]
[Black "Petermann, Michail"]
[Result "0-1"]
[Termination "normal"]
[Board "29"]
[WhiteElo "1294"]
[BlackElo "1551"]
[PlyCount "118"]
[WhiteFideId "24639184"]
[BlackFideId "24643530"]
[EventCountry "GER"]
[EventRounds "11"]
[EventType "swiss"]
[EventDate "2005.05.15"]

1. d4 Nf6 2. c4 e6 3. Nc3 d5 4. Bg5 Nbd7 5. Nf3 c6 6. e3 Bb4 7. Qc2 Qa5 8. Bd3
dxc4 9. Bxc4 Ne4 10. Qxe4 Bxc3+ 11. bxc3 Qxc3+ 12. Ke2 Qxc4+ 13. Qd3 Qxd3+ 14.
Kxd3 c5 15. Rac1 f6 16. Bf4 b6 17. Nd2 Ba6+ 18. Nc4 cxd4 19. exd4 Rc8 20. Rc3
Kf7 21. Rhc1 Ke7 22. Kd2 Rc6 23. Ne3 Rxc3 24. Rxc3 h5 25. h4 Ra8 26. d5 Nc5 27.
f3 Rd8 28. Bc7 Rd7 29. d6+ Kf7 30. Ke1 Bb7 31. Kf2 e5 32. Ke1 Ke6 33. Kf2 Na6
34. Ke1 Bc8 35. Ke2 g6 36. Ke1 b5 37. Rb3 Nxc7 38. dxc7 a6 39. Rc3 Kd6 40. Ke2
f5 41. Rd3+ Kxc7 42. Nd5+ Kc6 43. Nb4+ Kb6 44. Rc3 Bb7 45. a3 e4 46. Ke1 exf3
47. gxf3 a5 48. Na2 Rc7 49. Re3 Bd5 50. Re2 Bxa2 51. Rxa2 Rc1+ 52. Kf2 Rh1 53.
Kg3 b4 54. Rb2 Kb5 55. f4 Kc4 56. axb4 axb4 57. Re2 b3 58. Rb2 Kc3 59. Re2 b2
0-1

[Event "DEM U12 2005"]
[Site "Willingen GER"]
[Date "2005.05.15"]
[Round "1"]
[White "Mirke, Roy"]
[Black "Wild, Katharina"]
[Result "1/2-1/2"]
[Termination "normal"]
[Board "30"]
[WhiteElo "1549"]
[BlackElo "1294"]
[PlyCount "99"]
[WhiteFideId "24647306"]
[BlackFideId "24678015"]
[EventCountry "GER"]
[EventRounds "11"]
[EventType "swiss"]
[EventDate "2005.05.15"]

1. d4 d5 2. Nf3 Bf5 3. e3 e6 4. c3 Nd7 5. Bd3 Bxd3 6. Qxd3 c5 7. Nbd2 Ngf6 8.
O-O Be7 9. Re1 a6 10. a4 O-O 11. h3 Rb8 12. b3 cxd4 13. exd4 b5 14. axb5 axb5
15. b4 Nb6 16. Ne5 Qc7 17. Bb2 Rfc8 18. Rec1 h6 19. Ra5 Na4 20. Ba1 Bxb4 21.
Rxb5 Rxb5 22. Qxb5 Nxc3 23. Bxc3 Bxc3 24. Nb1 Ne4 25. Qd3 Qa5 26. Nxc3 Rxc3 27.
Rxc3 Qxc3 28. Qxc3 Nxc3 29. Kf1 Nb5 30. Nc6 Kf8 31. f4 Ke8 32. Kf2 f6 33. Ke3
Kd7 34. Nb4 Kd6 35. Nd3 Nc3 36. g3 Ne4 37. g4 g5 38. Kf3 Nd2+ 39. Ke2 Ne4 40.
Kf3 Kc6 41. f5 exf5 42. Nb4+ Kd6 43. gxf5 h5 44. Nc2 Nd2+ 45. Ke2 Nc4 46. Kf3
Nd2+ 47. Ke2 Ne4 48. Kf3 Nc3 49. Nb4 Nb5 50. Nc2 1/2-1/2

[Event "DEM U12 2005"]
[Site "Willingen GER"]
[Date "2005.05.15"]
[Round "1"]
[White "Kazman, Caner"]
[Black "Bräuer, Franz"]
[Result "0-1"]
[Termination "normal"]
[Board "31"]
[WhiteElo "1283"]
[BlackElo "1546"]
[PlyCount "148"]
[WhiteFideId "24684953"]
[BlackFideId "24634468"]
[EventCountry "GER"]
[EventRounds "11"]
[EventType "swiss"]
[EventDate "2005.05.15"]

1. e4 e5 2. Nf3 Nc6 3. Bb5 a6 4. Ba4 Nf6 5. O-O b5 6. Bb3 Be7 7. Re1 O-O 8. c3
d5 9. exd5 Nxd5 10. Nxe5 Nxe5 11. Rxe5 c6 12. d4 Bd6 13. Re1 Qh4 14. h3 Bxh3
15. Nd2 Bg4 16. f3 Bf5 17. Nf1 Rae8 18. Rxe8 Rxe8 19. Bd2 Bd3 20. Be1 Qg5 21.
Bxd5 Bxf1 22. Bxf7+ Kxf7 23. Kxf1 Qh5 24. Bf2 Re6 25. Qb3 Ke7 26. a3 Qh1+ 27.
Bg1 Bh2 28. Kf2 Bxg1+ 29. Rxg1 Qh4+ 30. g3 Qh2+ 31. Rg2 Re2+ 32. Kxe2 Qxg2+ 33.
Ke1 Qxg3+ 34. Ke2 Qg2+ 35. Ke3 Qg5+ 36. Ke2 h5 37. Qd1 h4 38. Qe1 Kd7 39. Qh1
Qg3 40. b3 g5 41. Qf1 h3 42. Qf2 Qf4 43. Qg1 Qf5 44. Qd1 g4 45. Kf2 Qf4 46. d5
Qxf3+ 47. Qxf3 gxf3 48. dxc6+ Kxc6 49. Kxf3 Kd5 50. Kg3 Ke4 51. c4 bxc4 52.
bxc4 Kd4 53. Kxh3 Kxc4 54. Kg2 Kb3 55. a4 Kxa4 56. Kf3 Kb3 57. Ke3 a5 58. Kd2
Kb2 59. Kd3 a4 60. Kc4 a3 61. Kd4 a2 62. Kd5 a1=Q 63. Ke4 Qd1 64. Ke5 Qd3 65.
Ke6 Qd4 66. Kf5 Kc3 67. Ke6 Qc5 68. Kf6 Qd5 69. Ke7 Qc6 70. Kd8 Qb7 71. Ke8 Kd4
72. Kf8 Ke5 73. Kg8 Kf6 74. Kh8 Qg7# 0-1

[Event "DEM U12 2005"]
[Site "Willingen GER"]
[Date "2005.05.15"]
[Round "1"]
[White "Kusmierek, Kasper"]
[Black "Garny, Annica"]
[Result "1-0"]
[Termination "normal"]
[Board "32"]
[WhiteElo "1543"]
[BlackElo "1259"]
[PlyCount "119"]
[BlackFideId "24600660"]
[EventCountry "GER"]
[EventRounds "11"]
[EventType "swiss"]
[EventDate "2005.05.15"]

1. e4 e5 2. Nc3 Nf6 3. f4 exf4 4. e5 Ng8 5. Nf3 d5 6. d4 Bb4 7. Bxf4 f6 8. a3
Bxc3+ 9. bxc3 Bg4 10. Be2 Nc6 11. O-O Nce7 12. h3 Ng6 13. Bh2 Bd7 14. Qe1 Rc8
15. exf6 Nxf6 16. Ba6+ Ne7 17. Bxb7 Rb8 18. Rb1 O-O 19. Ne5 Ba4 20. Qe2 Ne4 21.
Rxf8+ Qxf8 22. Qf3 Qxf3 23. gxf3 Nf6 24. Bxd5+ Nexd5 25. Rxb8+ Ne8 26. Ra8 Nxc3
27. Rxa7 Bxc2 28. Ra8 Kf8 29. Kf2 Nb5 30. Ke3 Ke7 31. a4 Nbd6 32. a5 Bb3 33. a6
Bd5 34. Rb8 c6 35. a7 Nc7 36. a8=Q Nxa8 37. Rxa8 Nf5+ 38. Kd3 Nh4 39. Ra7+ Kf6
40. Ng4+ Kg6 41. Be5 Nf5 42. f4 Bg2 43. Ne3 Bxh3 44. Nxf5 Bxf5+ 45. Ke3 h5 46.
Rxg7+ Kh6 47. Rf7 Kg6 48. Rf6+ Kg7 49. Rxf5+ Kg6 50. Rf6+ Kg7 51. Rxc6+ Kf7 52.
d5 Ke7 53. d6+ Ke6 54. f5+ Kf7 55. d7 Ke7 56. Rd6 Kd8 57. Bf6+ Kc7 58. d8=Q+
Kb7 59. Rb6+ Ka7 60. Qb8# 1-0

[Event "DEM U12 2005"]
[Site "Willingen GER"]
[Date "2005.05.15"]
[Round "1"]
[White "Zimmerer, Leah"]
[Black "Blübaum, Johanna"]
[Result "0-1"]
[Termination "normal"]
[Board "33"]
[WhiteElo "1243"]
[BlackElo "1542"]
[PlyCount "70"]
[WhiteFideId "4620240"]
[BlackFideId "24647373"]
[EventCountry "GER"]
[EventRounds "11"]
[EventType "swiss"]
[EventDate "2005.05.15"]

1. d4 Nf6 2. Bf4 g6 3. e3 Bg7 4. Nd2 O-O 5. Ngf3 d6 6. h3 Bf5 7. c3 Re8 8. Be2
Nc6 9. Bh2 e5 10. dxe5 Nxe5 11. Nxe5 dxe5 12. f3 e4 13. f4 Nd5 14. Bg1 Bf6 15.
Bf2 Nxf4 16. exf4 e3 17. Bxe3 Rxe3 18. O-O Qe7 19. Bf3 c6 20. Re1 Re8 21. Nc4
Rxe1+ 22. Qxe1 Qxe1+ 23. Rxe1 Rxe1+ 24. Kf2 Re7 25. a3 Be6 26. Nd6 Rd7 27. Ne4
Be7 28. g4 f5 29. Ng3 Bc5+ 30. Ke2 Bc4+ 31. Ke1 Re7+ 32. Ne2 Re3 33. g5 Rxf3
34. Nd4 Bxd4 35. cxd4 Rxf4 0-1

[Event "DEM U12 2005"]
[Site "Willingen GER"]
[Date "2005.05.15"]
[Round "1"]
[White "Tantzen, Cedric"]
[Black "Gheng, Hannelore"]
[Result "1-0"]
[Termination "normal"]
[Board "34"]
[WhiteElo "1538"]
[BlackElo "1233"]
[PlyCount "101"]
[WhiteFideId "24640018"]
[EventCountry "GER"]
[EventRounds "11"]
[EventType "swiss"]
[EventDate "2005.05.15"]

1. e4 c5 2. Nf3 d6 3. d4 cxd4 4. Nxd4 Nf6 5. Nc3 g6 6. Be3 Bg7 7. Be2 O-O 8.
O-O Nc6 9. Qd2 Ng4 10. Bxg4 Bxg4 11. f3 Bd7 12. Rae1 Re8 13. Bf2 Ne5 14. b3 Qc8
15. Nce2 Nc6 16. Nxc6 Bxc6 17. Bd4 e5 18. Be3 Rd8 19. c4 Qe6 20. Nc3 b6 21. Nd5
Rac8 22. Rc1 Rd7 23. Bxb6 Bxd5 24. cxd5 Qe8 25. Bf2 Rxc1 26. Rxc1 a6 27. Qa5
Rd8 28. Qxa6 Ra8 29. Qe2 Qd8 30. Rc2 f5 31. Qd3 f4 32. Qb5 Rb8 33. Qc6 Bf6 34.
Qc7 Be7 35. Qxd8+ Rxd8 36. a4 Rb8 37. Rb2 Bd8 38. b4 Bc7 39. b5 Ba5 40. Rc2 Kf7
41. Rc6 Ke7 42. b6 Rb7 43. Kf1 Kd7 44. Ke2 Ke7 45. Kd3 Kd7 46. Kc4 g5 47. h3 h5
48. Kb5 Bc3 49. Rxc3 h4 50. a5 Kd8 51. a6 1-0

[Event "DEM U12 2005"]
[Site "Willingen GER"]
[Date "2005.05.15"]
[Round "1"]
[White "Kormann, Jewgenija"]
[Black "Sancar, Kenan"]
[Result "0-1"]
[Termination "normal"]
[Board "35"]
[WhiteElo "1210"]
[BlackElo "1517"]
[PlyCount "108"]
[WhiteFideId "24606669"]
[BlackFideId "24647543"]
[EventCountry "GER"]
[EventRounds "11"]
[EventType "swiss"]
[EventDate "2005.05.15"]

1. e4 d5 2. exd5 Qxd5 3. Nc3 Qd6 4. Nf3 Nf6 5. b3 a6 6. h3 Nc6 7. Bb2 Bf5 8. d3
O-O-O 9. Nh4 Bg6 10. Nxg6 hxg6 11. Rc1 e6 12. Qe2 Qd4 13. Qe3 Bb4 14. Qxd4 Nxd4
15. a3 Ba5 16. b4 Bb6 17. Ne2 Nf5 18. Nc3 Bd4 19. Na4 Bxb2 20. Nxb2 Rhe8 21.
Be2 e5 22. O-O Nd4 23. Rfe1 e4 24. dxe4 Nxe4 25. Bd3 Nc3 26. Kh2 Nce2 27. Rcd1
Nf4 28. c3 Rxe1 29. Rxe1 Nxd3 30. Nxd3 Nf3+ 31. gxf3 Rxd3 32. Re3 Rxe3 33. fxe3
Kd7 34. Kg3 Kc6 35. c4 b5 36. c5 Kd5 37. e4+ Kc4 38. Kg4 Kb3 39. h4 Kxa3 40. h5
gxh5+ 41. Kxh5 Kxb4 42. f4 Kxc5 43. Kg5 b4 44. f5 b3 45. f6 gxf6+ 46. Kxf6 b2
47. Kxf7 b1=Q 48. e5 Qf5+ 49. Ke7 Qxe5+ 50. Kf7 Kd6 51. Kg8 Qe7 52. Kh8 Ke6 53.
Kg8 Kf6 54. Kh8 Qg7# 0-1

[Event "DEM U12 2005"]
[Site "Willingen GER"]
[Date "2005.05.15"]
[Round "1"]
[White "Dünzel, Jonas"]
[Black "Mytyukova, Yevgeniya"]
[Result "1-0"]
[Termination "normal"]
[Board "36"]
[WhiteElo "1516"]
[BlackElo "1201"]
[PlyCount "117"]
[WhiteFideId "24631167"]
[EventCountry "GER"]
[EventRounds "11"]
[EventType "swiss"]
[EventDate "2005.05.15"]

1. e4 e5 2. Nf3 Nc6 3. Bb5 d6 4. d4 exd4 5. Nxd4 Bd7 6. Nc3 a6 7. Nxc6 Bxc6 8.
Bd3 Nf6 9. O-O Be7 10. Re1 O-O 11. Re3 Qd7 12. Rg3 Rfe8 13. Bg5 Bd8 14. Qf3 Qe7
15. h4 Bd7 16. Nd5 Qe5 17. Nxf6+ Bxf6 18. Bxf6 Qe6 19. Bxg7 Re7 20. Bf6+ Kf8
21. Bxe7+ Kxe7 22. Qf5 Qxf5 23. exf5 Rf8 24. Re1+ Kd8 25. Rg7 b5 26. Rxh7 c5
27. c4 b4 28. a3 a5 29. Ra1 Bc6 30. axb4 axb4 31. b3 Ke7 32. Ra7+ Kf6 33. Rh6+
Ke5 34. Re7+ Kd4 35. Rxd6+ Kc3 36. Rxc6 Kxd3 37. Rxc5 Kc3 38. Re3+ Kb2 39. Rd5
Rb8 40. Rd2+ Ka3 41. h5 Rh8 42. c5 Rxh5 43. c6 Rh8 44. c7 Rc8 45. Re7 Kxb3 46.
Rd8 Rxc7 47. Rxc7 Ka2 48. Rb7 b3 49. Rxb3 Kxb3 50. Rc8 Kb4 51. f4 Kb5 52. g4
Kb6 53. g5 Kb7 54. Rc1 Kb8 55. g6 fxg6 56. fxg6 Kb7 57. g7 Kb8 58. g8=Q+ Kb7
59. Qb3+ 1-0

[Event "DEM U12 2005"]
[Site "Willingen GER"]
[Date "2005.05.15"]
[Round "1"]
[White "Falke, Cynthia"]
[Black "Ohnmacht, Simon"]
[Result "0-1"]
[Termination "normal"]
[Board "37"]
[WhiteElo "1190"]
[BlackElo "1516"]
[PlyCount "98"]
[WhiteFideId "24600644"]
[BlackFideId "24672980"]
[EventCountry "GER"]
[EventRounds "11"]
[EventType "swiss"]
[EventDate "2005.05.15"]

1. e4 c5 2. Nc3 e6 3. d3 d6 4. Be3 Nf6 5. f3 Nc6 6. Qd2 Be7 7. Nge2 d5 8. d4
cxd4 9. Nxd4 e5 10. Nxc6 bxc6 11. exd5 cxd5 12. Bg5 d4 13. Bxf6 Bxf6 14. Ne4
Be7 15. Bb5+ Bd7 16. Bxd7+ Qxd7 17. O-O O-O 18. f4 f5 19. Nf2 e4 20. Qe2 Kh8
21. Rfd1 Bf6 22. g4 g6 23. h3 Qc7 24. g5 Bg7 25. Nh1 Qxf4 26. Qg2 Be5 27. Rf1
Qe3+ 28. Nf2 Rac8 29. Rae1 Qg3 30. Re2 Qxg2+ 31. Kxg2 e3 32. Nd3 Bg7 33. Rf4
Rc6 34. b3 Rfc8 35. c4 dxc3 36. Rxe3 c2 37. Nc1 Bb2 38. Re1 Rd6 39. Rff1 Rd2+
40. Kg1 Rd1 41. Rxd1 cxd1=Q 42. Rxd1 Rxc1 43. Rxc1 Bxc1 44. h4 Kg7 45. a4 h6
46. b4 hxg5 47. hxg5 Bxg5 48. b5 Be3+ 49. Kg2 Bb6 0-1

[Event "DEM U12 2005"]
[Site "Willingen GER"]
[Date "2005.05.15"]
[Round "1"]
[White "Aslan, Benjamin"]
[Black "Schwarzat, Julian"]
[Result "1-0"]
[Termination "normal"]
[Board "38"]
[WhiteElo "1507"]
[BlackElo "1185"]
[PlyCount "89"]
[WhiteFideId "24640298"]
[BlackFideId "24675857"]
[EventCountry "GER"]
[EventRounds "11"]
[EventType "swiss"]
[EventDate "2005.05.15"]

1. d4 d5 2. c4 dxc4 3. Nf3 Nf6 4. e3 e6 5. Bxc4 c5 6. O-O a6 7. a4 Nbd7 8. Bd2
Qc7 9. Qb3 Be7 10. Rc1 Qb6 11. Nc3 Qxb3 12. Bxb3 O-O 13. d5 exd5 14. Bxd5 Nb6
15. Bb3 Bg4 16. Ne5 Rad8 17. Be1 Bh5 18. a5 Nbd5 19. Na4 Rc8 20. Bxd5 Nxd5 21.
Nd7 Rfd8 22. Ndxc5 Bxc5 23. Rxc5 Nf6 24. Rac1 Rb8 25. Bc3 Rd1+ 26. Rxd1 Bxd1
27. Nb6 Ne4 28. Rc7 Nxc3 29. bxc3 Bg4 30. f3 Be6 31. e4 Kf8 32. f4 f5 33. e5 h6
34. Kf2 Kg8 35. Ke3 Bb3 36. Nd7 Rd8 37. Rxb7 Ba4 38. Nc5 Bb5 39. Rb6 Rc8 40.
Kd4 Rd8+ 41. Rd6 Rxd6+ 42. exd6 Kf7 43. c4 Bc6 44. g3 g5 45. Nxa6 1-0

[Event "DEM U12 2005"]
[Site "Willingen GER"]
[Date "2005.05.15"]
[Round "1"]
[White "Begeluri, Nino"]
[Black "Höfer, Michael"]
[Result "1-0"]
[Termination "normal"]
[Board "39"]
[WhiteElo "1167"]
[BlackElo "1507"]
[PlyCount "89"]
[BlackFideId "24668850"]
[EventCountry "GER"]
[EventRounds "11"]
[EventType "swiss"]
[EventDate "2005.05.15"]

1. e4 c5 2. Nf3 Nc6 3. d4 cxd4 4. Nxd4 Nf6 5. Nc3 e6 6. Bf4 a6 7. a3 Bc5 8. Nb3
Ba7 9. Bd6 Bb8 10. Be2 Bxd6 11. Qxd6 Qe7 12. O-O-O Qxd6 13. Rxd6 Ke7 14. Rhd1
Rd8 15. f4 Ne8 16. R6d3 b6 17. Bf3 Bb7 18. e5 Rab8 19. Ne4 Na7 20. Nd6 Bxf3 21.
Rxf3 Nxd6 22. exd6+ Kf6 23. g4 Nb5 24. a4 Na7 25. Nd2 g6 26. g5+ Kg7 27. Ne4
Rbc8 28. Nf6 Nc6 29. Rb3 Rb8 30. h4 Na5 31. Rh3 h5 32. b4 Nc6 33. c3 b5 34. a5
Rb7 35. Kd2 Rc8 36. Rd3 Nd8 37. Rc1 Rc4 38. Rd4 Rc6 39. c4 bxc4 40. Rcxc4 Rxc4
41. Rxc4 Nc6 42. Nxd7 Nxa5 43. bxa5 Rxd7 44. Rc6 f6 45. Rc7 1-0

[Event "DEM U12 2005"]
[Site "Willingen GER"]
[Date "2005.05.15"]
[Round "1"]
[White "Braun, Georg"]
[Black "Saak, Saskia"]
[Result "1-0"]
[Termination "normal"]
[Board "40"]
[WhiteElo "1493"]
[BlackElo "1167"]
[PlyCount "37"]
[WhiteFideId "24629383"]
[EventCountry "GER"]
[EventRounds "11"]
[EventType "swiss"]
[EventDate "2005.05.15"]

1. e4 e6 2. d4 d5 3. Nc3 Nf6 4. e5 Nfd7 5. f4 c5 6. Nf3 Nc6 7. Be3 cxd4 8. Nxd4
Nxd4 9. Bxd4 a6 10. Qd2 Bc5 11. O-O-O Bxd4 12. Qxd4 Qc7 13. h4 O-O 14. h5 f6
15. exf6 Nxf6 16. h6 g6 17. Bd3 Qd6 18. g4 Ne4 19. Qg7# 1-0

[Event "DEM U12 2005"]
[Site "Willingen GER"]
[Date "2005.05.15"]
[Round "1"]
[White "Weißenburg, Isabel"]
[Black "Müller, Tobias"]
[Result "0-1"]
[Termination "normal"]
[Board "41"]
[WhiteElo "1146"]
[BlackElo "1493"]
[PlyCount "132"]
[WhiteFideId "4612922"]
[BlackFideId "24643394"]
[EventCountry "GER"]
[EventRounds "11"]
[EventType "swiss"]
[EventDate "2005.05.15"]

1. e4 c5 2. Nf3 d6 3. d4 cxd4 4. Nxd4 Nf6 5. Nc3 g6 6. Bg5 Bg7 7. Qd2 Nc6 8.
Bb5 Bd7 9. Bxc6 bxc6 10. O-O O-O 11. Be3 Ng4 12. f4 Nxe3 13. Qxe3 c5 14. Nde2
Rb8 15. b3 Bb5 16. Rae1 Bd4 17. Nxd4 cxd4 18. Qxd4 Bxf1 19. Rxf1 Qb6 20. Qxb6
Rxb6 21. Nd5 Rb7 22. f5 e6 23. Nf6+ Kg7 24. Ng4 gxf5 25. exf5 Rc7 26. f6+ Kg6
27. c4 h5 28. Ne3 Rc5 29. g4 hxg4 30. Nxg4 Rg5 31. h3 Rc8 32. Kg2 d5 33. Rc1
dxc4 34. bxc4 Rgc5 35. Ne3 Kxf6 36. Ng4+ Kg5 37. Ne3 f5 38. Kh2 f4 39. Rg1+ Kf6
40. Ng4+ Kf5 41. Nh6+ Ke4 42. Re1+ Kf3 43. Rf1+ Ke2 44. Rxf4 Rxc4 45. Rxc4 Rxc4
46. Kg3 e5 47. h4 e4 48. h5 e3 49. Nf5 Kd2 50. Nxe3 Kxe3 51. h6 Rc6 52. h7 Rh6
53. Kg4 Rxh7 54. Kg5 Rh2 55. a4 Ra2 56. Kf5 Rxa4 57. Ke5 Rd4 58. Ke6 a5 59. Kf6
a4 60. Kg7 a3 61. Kg6 a2 62. Kf5 a1=Q 63. Kg6 Qa5 64. Kf6 Rd6+ 65. Ke7 Qc7+ 66.
Ke8 Rd8# 0-1

[Event "DEM U12 2005"]
[Site "Willingen GER"]
[Date "2005.05.15"]
[Round "1"]
[White "Brumme, Jan"]
[Black "Dilz, Jasmin"]
[Result "1-0"]
[Termination "normal"]
[Board "42"]
[WhiteElo "1487"]
[BlackElo "1138"]
[PlyCount "117"]
[EventCountry "GER"]
[EventRounds "11"]
[EventType "swiss"]
[EventDate "2005.05.15"]

1. e4 e5 2. Nf3 Nc6 3. Bb5 a6 4. Ba4 b5 5. Bb3 Nf6 6. O-O Bb7 7. c3 g6 8. Bc2
Bg7 9. d3 d6 10. Bg5 O-O 11. Qc1 Qd7 12. Bh6 Nh5 13. Bxg7 Nxg7 14. h3 f5 15.
exf5 Nxf5 16. Nbd2 d5 17. Re1 Rae8 18. Nb3 Qd6 19. Qg5 d4 20. Rad1 Re7 21. Nfd2
Rfe8 22. Ne4 Qe6 23. Nf6+ Kg7 24. Nxe8+ Rxe8 25. cxd4 h6 26. Qc1 Qd5 27. Nc5
Ba8 28. Bb3 Qxd4 29. Ne6+ Rxe6 30. Bxe6 Nh4 31. Re4 Qd6 32. Rxh4 g5 33. Re4
Qxe6 34. a3 Kg6 35. Ree1 Qd5 36. Qe3 Nd4 37. Qe4+ Qxe4 38. dxe4 c5 39. f3 h5
40. Re3 c4 41. Kf2 a5 42. Rc1 Bc6 43. a4 b4 44. Rxc4 Bxa4 45. Rc5 Kf6 46. Rxa5
Bd7 47. Ra6+ Be6 48. Re1 b3 49. Rc1 h4 50. Rc8 Kf7 51. Rc7+ Kf6 52. Rc8 Nb5 53.
Rf8+ Ke7 54. Rh8 Nc7 55. Ra7 Kd7 56. Rh7+ Kc6 57. Rhxc7+ Kb6 58. Rab7+ Ka6 59.
Rb8 1-0

[Event "DEM U12 2005"]
[Site "Willingen GER"]
[Date "2005.05.15"]
[Round "1"]
[White "Weber, Max"]
[Black "Mohr, Fides"]
[Result "0-1"]
[Termination "normal"]
[Board "43"]
[WhiteElo "1128"]
[BlackElo "1476"]
[PlyCount "74"]
[WhiteFideId "4624831"]
[EventCountry "GER"]
[EventRounds "11"]
[EventType "swiss"]
[EventDate "2005.05.15"]

1. b3 d5 2. Bb2 e6 3. e3 Nf6 4. Nf3 Bd6 5. Be2 O-O 6. O-O Re8 7. Nc3 c6 8. Bd3
e5 9. e4 Bg4 10. h3 Bh5 11. Re1 Nbd7 12. exd5 cxd5 13. Be2 a6 14. Nh2 Bxe2 15.
Qxe2 Qc7 16. Ng4 Rac8 17. Nxf6+ Nxf6 18. Qf3 d4 19. Ne4 Nxe4 20. Qxe4 Qxc2 21.
Qxc2 Rxc2 22. Bc1 Bb4 23. Rd1 d3 24. Kh2 Bc5 25. f3 e4 26. Re1 f5 27. Kg3 Bb4
28. Rd1 exf3 29. a3 Bc5 30. Kxf3 Bd4 31. Rb1 Re2 32. g4 Rf2+ 33. Kg3 f4+ 34.
Kh4 h6 35. g5 Rg2 36. gxh6 Bf6+ 37. Kh5 Rc5# 0-1

[Event "DEM U12 2005"]
[Site "Willingen GER"]
[Date "2005.05.15"]
[Round "1"]
[White "Hartmann, Nicolas"]
[Black "Rau, Carla"]
[Result "1-0"]
[Termination "normal"]
[Board "44"]
[WhiteElo "1474"]
[BlackElo "1063"]
[PlyCount "118"]
[WhiteFideId "24626481"]
[EventCountry "GER"]
[EventRounds "11"]
[EventType "swiss"]
[EventDate "2005.05.15"]

1. e4 c5 2. Nf3 Nc6 3. d4 cxd4 4. Nxd4 g6 5. Nc3 Bg7 6. Be3 Nf6 7. Bc4 O-O 8.
Bb3 e6 9. Ndb5 Qe7 10. Nd6 Ne8 11. Bc5 b6 12. Ba3 Bxc3+ 13. bxc3 Qd8 14. Nxc8
Rxc8 15. Bxf8 Kxf8 16. O-O d6 17. Qf3 Ne5 18. Qe3 Qh4 19. Rad1 Ng4 20. Qg3 Qh5
21. h3 Ne5 22. Rfe1 Rc5 23. Qe3 Ke7 24. f4 Nc4 25. Qe2 Qxe2 26. Rxe2 Na5 27.
Rd3 f5 28. exf5 gxf5 29. Rxe6+ Kd7 30. Rde3 Nc7 31. Re7+ Kc6 32. Rxh7 Kb5 33.
h4 Nd5 34. Bxd5 Rxd5 35. Rd3 Rc5 36. h5 Rc8 37. h6 Nc4 38. Rg7 Rh8 39. h7 Kc6
40. Rh3 Nd2 41. Rg8 Rxh7 42. Rxh7 Ne4 43. Rc8+ Kd5 44. c4+ Kd4 45. Rh3 Nc5 46.
Kf2 Kxc4 47. Rf8 Ne4+ 48. Ke1 d5 49. Rxf5 Nd6 50. Rf8 Nb5 51. g4 Nd4 52. Kd1
Kc5 53. g5 Ne6 54. Rf6 Kd6 55. Rxe6+ Kxe6 56. Rg3 Kf7 57. g6+ Kg7 58. f5 d4 59.
f6+ Kxf6 1-0

[Event "DEM U12 2005"]
[Site "Willingen GER"]
[Date "2005.05.15"]
[Round "1"]
[White "von Wardenburg, Jendrik"]
[Black "Wolf, Isaak"]
[Result "0-1"]
[Termination "normal"]
[Board "45"]
[WhiteElo "965"]
[BlackElo "1470"]
[PlyCount "104"]
[EventCountry "GER"]
[EventRounds "11"]
[EventType "swiss"]
[EventDate "2005.05.15"]

1. e4 e5 2. Nf3 Nc6 3. Bc4 Bc5 4. c3 Nf6 5. d4 exd4 6. cxd4 Bb4+ 7. Bd2 Bxd2+
8. Nbxd2 d5 9. exd5 Nxd5 10. O-O O-O 11. Ne4 Bf5 12. Re1 Na5 13. Qa4 Nxc4 14.
Qxc4 c6 15. Rad1 h6 16. h3 Re8 17. Ng3 Be6 18. b3 Ne3 19. Qc3 Nxd1 20. Rxd1 Bd5
21. Ne5 Qf6 22. Nh5 Qg5 23. Ng3 Rad8 24. Qd3 Re6 25. Qf5 Qxf5 26. Nxf5 f6 27.
Nd3 Be4 28. Ne3 Bxd3 29. Rxd3 Re4 30. Nc2 Re2 31. Rc3 Rd5 32. g3 Ra5 33. a4 Rd5
34. Kf1 Re7 35. Rd3 c5 36. Rd2 Red7 37. Rd3 cxd4 38. Ke2 Kf7 39. Kd2 Ke6 40.
Ne1 Kd6 41. b4 Rc7 42. Nc2 Rc4 43. f4 a6 44. h4 h5 45. a5 g6 46. Rb3 Ke6 47.
Rd3 Kf5 48. Kc1 Ke4 49. Kd2 f5 50. Rb3 Rd6 51. Rd3 Rd7 52. Rb3 Rc3 0-1